LEADER 02596nam 2200505 450 001 9910793120103321 005 20230216180359.0 010 $a0-19-084686-0 010 $a0-19-084687-9 010 $a0-19-084685-2 035 $a(CKB)4100000007008824 035 $a(MiAaPQ)EBC5552111 035 $a(StDuBDS)EDZ0001953962 035 $a(PPN)233460640 035 $a(EXLCZ)994100000007008824 100 $a20181106d2018 uy 0 101 0 $aeng 135 $aurcnu|||||||| 181 $ctxt$2rdacontent 182 $cc$2rdamedia 183 $acr$2rdacarrier 200 14$aThe science of marijuana /$fLeslie L. Iversen 205 $aThird edition. 210 1$aNew York, NY :$cOxford University Press,$d2018. 215 $a1 online resource (278 pages) 225 1 $aOxford scholarship online 300 $aRevised edition of the author's The science of marijuana, 2008. 311 $a0-19-084684-4 320 $aIncludes bibliographical references and index. 327 $aHistory and the plant -- The pharmacology of delta-9-tetrahydrocannabinol (THC) : the psychoactive ingredient in cannabis -- Peripheral and central effects of THC -- Endocannabinoids -- Medical uses of marijuana : fact or fantasy? -- Is cannabis safe? -- The recreational use of cannabis -- Where are we and where are we going? -- Conclusions. 330 8 $aMarijuana (cannabis) is the most widely used recreational drug after nicotine and alcohol. This text reviews the rapidly growing body of scientific evidence on cannabis - how it works, the role of endogenous cannabinoids in the brain and body, and the opportunities for new medicines based on such knowledge. The regulation of cannabis use varies considerably throughout the world. This work reviews the rapid changes that have occurred in liberalizing the medical use of cannabis, and in some instances the full legalization of cannabis use, with an emphasis on events in the United States and Canada. The advantages and disadvantages of liberalizing the medical and recreational use of cannabis are discussed in a neutral manner, leaving the reader to decide. 410 0$aOxford scholarship online. 606 $aMarijuana$xPhysiological effect 606 $aMarijuana$xToxicology 615 0$aMarijuana$xPhysiological effect. 615 0$aMarijuana$xToxicology. 676 $a615.9/523648 700 $aIversen$b Leslie L.$01147605 801 0$bMiAaPQ 801 1$bMiAaPQ 801 2$bMiAaPQ 906 $aBOOK 912 $a9910793120103321 996 $aThe science of marijuana$93671425 997 $aUNINA LEADER 02644nam 22004453a 450 001 9910297033303321 005 20250203232819.0 010 $a9783845236902 010 $a3845236906 035 $a(CKB)4340000000011159 035 $a(oapen)https://directory.doabooks.org/handle/20.500.12854/39798 035 $a(ScCtBLL)b3e28e81-9593-4e5e-9932-71b3f74c62b8 035 $a(OCoLC)1163841169 035 $a(oapen)doab39798 035 $a(EXLCZ)994340000000011159 100 $a20250203i20122019 uu 101 0 $ager 135 $aurmn|---annan 181 $ctxt$2rdacontent 182 $cn$2rdamedia 183 $anc$2rdacarrier 200 00$a"dick, dumm, abhängig, gewalttätig?" : $eProblematische Mediennutzungsmuster und ihre Folgen im Kindesalter /$fThomas Mößle 205 $a1 ed. 210 $cNomos Verlagsgesellschaft mbH & Co. KG$d2012 210 1$aBaden-Baden :$cNomos Verlagsgesellschaft mbH & Co. KG,$d2012. 215 $a541 pages $cillustrations (some color) ;$d23 cm 225 0 $aInterdisziplina?re Beitra?ge zur kriminologischen Forschung ;$vBand 42 311 08$a9783832974992 311 08$a3832974997 320 $aIncludes bibliographical references (pages 505-539). 330 $a Seit vielen Jahren wird eine intensive Debatte über die Auswirkungen exzessiver Mediennutzung geführt. Prominente Themen sind die Auswirkungen gewalthaltiger Medien auf gewalttätiges Verhalten oder die Auswirkungen exzessiver Mediennutzung auf schulische Leistungen. Ferner wird die Frage nach einer "Mediensucht" diskutiert. Oft verharrt diese Debatte jedoch, selbst in der Wissenschaft, an den beiden Polen "Medien wirken" und "Medien wirken nicht", die beide in ihrer Schwarz-Weiß-Malerei das Bild verfehlen.Für die Wirkbereiche Schulleistung, Gewaltverhalten, Fettleibigkeit, Computerspielabhängigkeit sowie für die Prävention einer exzessiven Mediennutzung, wird zunächst ein umfassender Überblick über den internationalen Forschungsstand gegeben. Anschließend werden eigene Ergebnisse der breit angelegten 4jährigen Längsschnittstudie Berliner Längsschnitt Medien präsentiert. Im Ergebnis zeigt sich ein differenzierteres, aber dennoch eindeutiges Bild: Medien sind in allen genannten Bereichen ein wichtiger und bedeutsamer Risikofaktor, aber beileibe nicht der einzige. 606 $aTelevision and children$zGermany 615 0$aTelevision and children 700 $aMo?ssle$b Thomas$0973378 801 0$bScCtBLL 801 1$bScCtBLL 906 $aBOOK 912 $a9910297033303321 996 $a"dick, dumm, abhängig, gewalttätig?"$94488851 997 $aUNINA